Le waqf dans l'espace islamique : outil de pouvoir socio-politique /

محفوظ في:

مؤلفون آخرون: Deguilhem, Randi., Raymond, André.

التنسيق: كتاب

اللغة: French
Arabic
English

منشور في: Damas : [Institut français de Damas], 1995.

الموضوعات:

الوسوم: إضافة وسم

لا توجد وسوم, كن أول من يضع وسما على هذه التسجيلة!

رقم الطلب: BP170.25 .W37 1995

LEADER 01272namaa2200325 4500
001 21962
003 OSt
005 20211027082000.0
008 130303s1995 sy ab g b 001 0 fre d
952 |0 0  |1 0  |2 lcc  |4 0  |6 BP017025 W37 01995  |7 1  |9 21798  |a ARCE  |b ARCE  |d 2021-10-27  |l 0  |o BP170.25 .W37 1995  |p 1016247  |r 2021-10-27 00:00:00  |w 2021-10-27  |y BK 
999 |c 21568  |d 21568 
010 |a 96964715 
020 |a 2901315135 
040 |c ARCE Library 
041 0 |a fre  |a ara  |a eng  |b ara  |b eng  |b fre 
043 |a f-ti---  
050 4 |a BP170.25 .W37 1995 
245 1 3 |a Le waqf dans l'espace islamique :  |b outil de pouvoir socio-politique /  |c Organisé et présenté par Randi Deguilhem ; préface de André Raymond. 
246 1 5 |a Waqf fī al-ʻālam al-Islāmī :  |b adāt sulṭah ijtimāʻīyah wa-siyāsīyah. 
264 1 |a Damas :  |b [Institut français de Damas],  |c 1995. 
300 |a 337, 100 pages :  |b illustrations, maps ;  |c 24 cm. 
504 |a Includes bibliographical references and indexes. 
546 |a Contributions in French, Arabic, and English, with abstracts in each language. 
555 |a wafaa.lib 
650 0 |a Waqf  |z Tunisia. 
650 0 |a Endowments  |z Tunisia. 
700 1 |a Deguilhem, Randi.  |9 28843 
700 1 |a Raymond, André. 
901 |a reviewed 
942 |c BK  |2 lcc